000 00933cab a2200289 4500
001 ABS54649
008 090401t1996 xxu||||| |||| 00| 0 eng d
035 _a(Sirsi) u11514
041 _aeng
100 _aBingham, T.
245 _aJumping the queue
260 _c1996
350 _a0
490 _aBuilding
_v261(7935) 4 April 1996, 30-31(2)
520 _aDiscusses leapfrog payments between employers and subcontracts when the main contractor becomes insolvent in light of "B Mullan & Sons (Contractors) Ltd v John Ross and Malcolm London".
650 _aB MULLAN & SONS (CONTRACTORS) LTD V JOHN ROSS AND MALCOLM
650 _aCONTRACT CLAIMS
650 _aInsolvency
_96247
650 _aJCT 1981
650 _aLEAPFROG PAYMENTS
650 _aLIQUIDATION
650 _aMAIN CONTRACTORS
650 _aSUBCONTRACTORS
690 _aBUILT ENVIRONMENT-BUILDING CONTRACT FORMS
942 _n0
948 _c04/03/1997
999 _c7341
_d7341